1950 1696 1670 1963 1295 1042 1049 1436 1776 1556 1938 1845 1615 1121 1228 1573 1780 1747 1387 1614 1421 1716 1419 1193 1973 1805 1306 1335 1213 1708 1553 1619 1550 1782 1076 1620 1053 1969 1488 1667 1912 1371 1120 1138 1162 1776 1126 1047 1762 1614 1226 1335 1570 1752 1466 1519 1891 1595 1596 1346 1580 1474 1517 1382 1351 1117 1230 1858 1758 1858 1028 1601 1267 1931 1931 1622 1398 1216 1617 1194 1594 1547 1765 1624 1013 1746 1860 1961 1544 1991 1167 1985 1709 1480 1798 1294 1987 1216 1245 BCNSPRNW ULIB Ver.6.0+V

เปลี่ยนเป็นภาษาไทย

Change to English
 แสดงรายละเอียดบรรณานุกรม
  กลับหน้าหลัก

Brief Record : Get Marc (ISO 2709) : E-mail record : QR code < ปิดหน้าต่าง
LEADER : 00000nam 2200000uu 4500
001    13399112385
003     ULIB
008    110322s2553||||th 000 0 tha d
020    9786167287089
050  4 P90^bบ573ส 2553
100 0  บุญศรี ปราบณศักดิ์
245 10 สารพันปัญหาและบทเรียนด้านการสื่อสารทางการแพทย์/^cบุญศรี ปราบณศักดิ์
260    กรุงเทพฯ:^bธนาเพรส,^c2553
300    120 หน้า
650  7 การสื่อสารทางการแพทย์
945    ^p90^l0^i028563
945    ^p90^l0^i028564
945    ^p90^l0^i028713
945    ^p90^l0^i028714
995    ทศพร
999 ^a ใช้งานได้ทุกระบบ
รายการนี้ยังไม่มีแท็ก
คุณยังไม่ได้ล็อกอิน คุณสามารถมีกิจกรรมร่วมกับเว็บไซต์ได้ แต่ต้องล็อกอินก่อน ::
  ล็อกอิน

รายการสื่อสารสนเทศ

ลำดับที่ ประเภท เลขเรียก/บาร์โค้ด สถานที่ สถานะ
- ไม่พบข้อมูล -

รายการใกล้เคียง
    ผู้แต่ง [บุญศรี ปราบณศักดิ์]

    หัวเรื่อง [การสื่อสารทางการแพทย์]

BibComment


ยังไม่เคยถูกคอมเมนท์

คอมเมนท์ทรัพยากรรายการนี้
  คอมเมนท์: สารพันปัญหาและบทเ..


 Copyright 2026. Bcnsprnw @Library